000 00243nam a2200097Ia 4500
008 220204s9999 xx 000 0 und d
082 _a5(031)
_bUNI
245 0 _aUniversal encyclopedia of mathematics
260 _aLondon
_bPan
_c1964
942 _cBK
999 _c27407
_d27407